LEADER 01023nam0 22002651i 450 001 VAN00048120 005 20240806100444.897 100 $a20060720d1966 |0itac50 ba 101 $aita 102 $aIT 105 $a|||| ||||| 200 1 $aSerpotta$f[Oreste Ferrari] 210 $aMilano$cFabbri$dc1966 215 $a [4] c., [8] c. di tav.$cill.$d36 cm. 410 1$1001VAN00048118$12001 $aˆI ‰maestri della scultura$1210 $aMilano$cFabbri.$v19 620 $dMilano$3VANL000284 700 1$aSerpotta$bGiacomo$3VANV038217$07136 702 1$aFerrari$bOreste$f1927-2005$3VANV031050 712 $aFabbri, Fabrizio $3VANV108057$4650 801 $aIT$bSOL$c20240906$gRICA 899 $aBIBLIOTECA DEL DIPARTIMENTO DI LETTERE E BENI CULTURALI$1IT-CE0103$2VAN07 912 $aVAN00048120 950 $aBIBLIOTECA DEL DIPARTIMENTO DI LETTERE E BENI CULTURALI$d07CONS Pc 2 19 $e07 53556 20060720 996 $aSerpotta$91426865 997 $aUNICAMPANIA